000 00621nam a2200241Ia 4500
003 OSt
005 20221007100800.0
006 a|||||r|||| 00| 0
007 ta
008 221006b |||||||| |||| 00| 0 eng d
024 _a5,130
037 _cTextual
040 _aLCO
_cLCO
_beng
041 _2eng
_aeng
082 _aV2:57, K9
100 _aUMRIGAR K.D
_9702088
245 0 _aJournalists and the law
260 _aAllahabad
_bLaw Book Company
_c1969
300 _a262
650 _aJOURNALISTS AND THE LAW
_9702089
942 _hV2:57, K9
_cTEXL
999 _c1174693
_d1174693